| 000 | 00896nam a22002657a 4500 | ||
|---|---|---|---|
| 999 |
_c3789 _d3789 |
||
| 003 | AR-CdUCM | ||
| 008 | 190307b ||||| |||| 00| 0 spa d | ||
| 020 | _a0-393-05497-7 | ||
| 040 |
_aMUNICIPALIDAD PROVINCIAL DEL CUSCO _cBIBLIOTECA MUNICIPAL DEL CUSCO |
||
| 041 | _heng | ||
| 082 |
_a338.9 / _bK98 |
||
| 100 |
_aKuznets, Simon _912227 |
||
| 245 |
_aPoblación Capital y crecimiento : _bEnsayos Selectos / |
||
| 260 |
_aMexico : _beditores Asociados, _c1976. |
||
| 300 |
_a348 paginas ; _bTablas, _c19cm. |
||
| 500 | _aColección con otros libros | ||
| 505 | _aContenido: Poblacion y crecimiento economico -- capacidad economia -- Brecha -- Problemas | ||
| 650 |
_aCrecimiento Economico _92403 |
||
| 650 |
_aEconomia Mundial _95126 |
||
| 650 |
_aNorteamerica _95078 |
||
| 650 |
_aSiglo XX _98 |
||
| 700 |
_aBarcena, Agustin (traductor) _98867 |
||
| 942 |
_2ddc _cLIBROS |
||
| 945 | _apjha | ||